000
00340nam a22001457a 4500
008
230612b ||||| |||| 00| 0 eng d
020
_a
9780763756376
041
_a
eng
080
_2
SECOND EDITION
_a
618
082
_a
618SCH
100
_a
15
101
_a
GJIK
245
_a
WOMEN'S GYNECOLOGIC HEALTH
_c
SCHUILING .D.K
942
_2
udc
_c
BK
999
_c
59941
_d
59941